3D programming for Windows : (Record no. 12036)
[ view plain ]
| 000 -LEADER | |
|---|---|
| fixed length control field | 01391cam a22003134a 4500 |
| 001 - CONTROL NUMBER | |
| control field | 14847170 |
| 005 - DATE AND TIME OF LATEST TRANSACTION | |
| control field | 20080625120101.0 |
| 008 - FIXED-LENGTH DATA ELEMENTS--GENERAL INFORMATION | |
| fixed length control field | 070511s2007 waua 001 0 eng |
| 010 ## - LIBRARY OF CONGRESS CONTROL NUMBER | |
| LC control number | 2007928771 |
| 020 ## - INTERNATIONAL STANDARD BOOK NUMBER | |
| International Standard Book Number | 9780735623941 (perfect bound) |
| 020 ## - INTERNATIONAL STANDARD BOOK NUMBER | |
| International Standard Book Number | 0735623945 (perfect bound) |
| 040 ## - CATALOGING SOURCE | |
| Original cataloging agency | DLC |
| Transcribing agency | DLC |
| Modifying agency | DLC |
| 050 00 - LIBRARY OF CONGRESS CALL NUMBER | |
| Classification number | QA76.76.A63 |
| Item number | P48 2007 |
| 082 00 - DEWEY DECIMAL CLASSIFICATION NUMBER | |
| Classification number | 005.2768 |
| Edition number | 22 |
| Item number | PET |
| 100 1# - MAIN ENTRY--PERSONAL NAME | |
| Personal name | Petzold, Charles. |
| 9 (RLIN) | 6947 |
| 245 10 - TITLE STATEMENT | |
| Title | 3D programming for Windows : |
| Remainder of title | Three-dimensional graphics programming fo the Windows presentation foundation / |
| Statement of responsibility, etc | Charles Petzold. |
| 260 ## - PUBLICATION, DISTRIBUTION, ETC. (IMPRINT) | |
| Place of publication, distribution, etc | Redmond, WA : |
| Name of publisher, distributor, etc | Microsoft Press, |
| Date of publication, distribution, etc | 2007. |
| 300 ## - PHYSICAL DESCRIPTION | |
| Extent | xv, 430 p. : |
| Other physical details | ill. ; |
| Dimensions | 23 cm. |
| 500 ## - GENERAL NOTE | |
| General note | Includes index. |
| 630 00 - SUBJECT ADDED ENTRY--UNIFORM TITLE | |
| Uniform title | Microsoft Windows (Computer file) |
| 9 (RLIN) | 6948 |
| 630 00 - SUBJECT ADDED ENTRY--UNIFORM TITLE | |
| Uniform title | Windows presentation foundation. |
| 9 (RLIN) | 6949 |
| 650 #0 - SUBJECT ADDED ENTRY--TOPICAL TERM | |
| Topical term or geographic name as entry element | Application program interfaces (Computer software) |
| 9 (RLIN) | 6950 |
| 650 #0 - SUBJECT ADDED ENTRY--TOPICAL TERM | |
| Topical term or geographic name as entry element | Microsoft .NET Framework. |
| 9 (RLIN) | 6951 |
| 650 #0 - SUBJECT ADDED ENTRY--TOPICAL TERM | |
| Topical term or geographic name as entry element | Three-dimensional display systems. |
| 9 (RLIN) | 6952 |
| 856 41 - ELECTRONIC LOCATION AND ACCESS | |
| Materials specified | Table of contents |
| Uniform Resource Identifier | <a href="http://www.loc.gov/catdir/toc/fy0802/2007928771.html">http://www.loc.gov/catdir/toc/fy0802/2007928771.html</a> |
| 942 ## - ADDED ENTRY ELEMENTS (KOHA) | |
| Source of classification or shelving scheme | Dewey Decimal Classification |
| Item type | Book - Borrowing |
| Withdrawn status | Item status | Source of classification or shelving scheme | Damaged status | Not for loan | Vendor | Home library | Current library | Shelving location | Date acquired | Source of acquisition | Cost, normal purchase price | Serial Enumeration / chronology | Total Checkouts | Full call number | Barcode | Date last seen | Date last borrowed | Koha item type |
|---|---|---|---|---|---|---|---|---|---|---|---|---|---|---|---|---|---|---|
| Dewey Decimal Classification | Baccah | Central Library | Central Library | Lower Floor | 25/06/2009 | 256.00 | 7073 | 1 | 005.2768 PET | 000016959 | 15/07/2025 | 21/01/2010 | Book - Borrowing |